Najväčšia dráma v Novom Meste extraliga volejbalistov - druhé zápasy štvrťfinále play-off baráže o záchranu

Bibliographic Details
Format: Article
Language:Slovak
PhysicalDescription:Fotogr., tab.
ISSN:0139-7001
Subjects:

MARC

LEADER 00000nab a2200000 a 4500
001 vtls001520556
003 SK-MaSNL
005 20260303192416.0
008 050321c20050314xo dr|p|||||||000 b|slo
015 |a SNBRB2005/03  |2 snkbucl 
038 |a SNKBUCL 
040 |a SNKBUCL  |b slo  |c SNKBUCL  |e AACR2 
041 0 |a slo 
044 |a xo  |c SK 
080 |a 796.325.093.1  |2 UDC-MRF-SK2 
245 0 0 |a Najväčšia dráma v Novom Meste  |b extraliga volejbalistov - druhé zápasy štvrťfinále play-off baráže o záchranu 
300 |b Fotogr., tab. 
648 7 |a sezóna 2004/2005  |2 snkbucl  |9 848867 
650 0 7 |a volejbal  |2 snkbucl  |9 3294 
650 0 7 |a muži  |2 snkbucl  |9 4888 
650 0 7 |a extraliga   |2 snkbucl  |9 18992 
650 0 7 |a štvrťfinále play-off  |2 snkbucl  |9 1033439 
773 0 |t Šport  |g Roč. 59, č. 60 (14.3.2005), s. 32  |x 0139-7001 
852 |a SNK  |b KIS3GCP 
999 |c 2146021  |d 2147951